000
00326nam a2200145Ia 4500
008
191201s2013 xx 000 0 und d
082
_a
658.0954
_b
PAB
100
_a
PAUL, Justin
245
0
_a
Business Environment
250
_a
Rep
260
_a
N. delhi
_b
TMH
_c
2013
300
_a
507
650
_a
BBA
942
_2
ddc
_c
BK
_0
10
999
_c
5762
_d
5762